000 00359nam a2200145 i 4500
001 bg
100 1 _aBRATKOWSKI, Albin
245 0 _aOgólne problemy organizacji budownictwa w Polsce /
_cAlbin Bratkowski.
260 _aWarszawa,
_c1975.
040 _cBPK
041 _apol
080 _a69:658
942 _cKS
008 s pl f |000 0 pol
999 _c17310
_d17310
856 _uhttp://koha.tu.koszalin.pl/cgi-bin/koha/opac-detail.pl?biblionumber=17310
_yKatalog online BPK